[Event "V Open"]
[Site "Crema ITA"]
[Date "2003.09.06"]
[Round "4"]
[White "Ruggeri, Dario"]
[Black "Tomba, Patrizia"]
[Result "1/2-1/2"]
[WhiteElo "1714"]
[BlackElo "1492"]
[PlyCount "110"]
[EventDate "2003.09.05"]

1. e4 e5 2. f4 exf4 3. Nf3 Nc6 4. Bc4 Qe7 5. d3 d6 6. O-O Bg4 7. Bxf4 O-O-O 8.
c3 Nf6 9. Qa4 Kb8 10. b4 Ne5 11. Nbd2 Ned7 12. Qb3 Be6 13. Ng5 h6 14. Nxe6 fxe6
15. Bxe6 g5 16. Be3 Bg7 17. Bd4 Rhe8 18. Bxd7 Rxd7 19. Qa4 b6 20. Bxf6 Bxf6 21.
Rxf6 Qxf6 22. Qxd7 Rd8 23. Qc6 Qf4 24. Nc4 Rf8 25. h3 Qf2+ 26. Kh1 Qe2 27. Qd5
Rf1+ 28. Rxf1 Qxf1+ 29. Kh2 Qf4+ 30. Kg1 Qc1+ 31. Kf2 Qxc3 32. Kg3 Qe1+ 33. Kg4
Qe2+ 34. Kf5 Qxg2 35. a4 Qxh3+ 36. Kg6 g4 37. Nxd6 cxd6 38. Qxd6+ Kc8 39. Qe6+
Kc7 40. d4 Qh4 41. d5 Qg5+ 42. Kh7 h5 43. Qc6+ Kd8 44. Qa8+ Kd7 45. Qxa7+ Ke8
46. Qxb6 g3 47. Qb8+ Kd7 48. d6 g2 49. Qc7+ Ke6 50. Qc4+ Kxd6 51. Qd4+ Ke6 52.
Qg1 Kf6 53. Qf2+ Ke6 54. Qb6+ Kf7 55. Qf2+ Ke6 1/2-1/2

[Event "V Open"]
[Site "Crema ITA"]
[Date "2003.09.06"]
[Round "4"]
[White "Salami, Marco"]
[Black "Lovati, Paolo"]
[Result "1/2-1/2"]
[WhiteElo "2177"]
[BlackElo "2089"]
[PlyCount "86"]
[EventDate "2003.09.05"]

1. e4 d6 2. d4 Nf6 3. Nc3 c6 4. h3 Nbd7 5. Nf3 e5 6. a4 a5 7. Be2 exd4 8. Qxd4
Be7 9. Bf4 Nc5 10. Bh2 O-O 11. O-O Qb6 12. Nd2 d5 13. exd5 Nxd5 14. Nxd5 cxd5
15. Nb3 Bf5 16. Be5 Bxc2 17. Nxc5 Bxc5 18. Qxd5 Bb3 19. Qf3 Rfe8 20. Bc3 Re6
21. Bd3 Bb4 22. Bf5 Rd6 23. Bxg7 Kxg7 24. Qxb3 Rad8 25. Qg3+ Kh8 26. Rac1 Qd4
27. b3 Qf6 28. Be4 b6 29. Qg4 Bc5 30. Qh5 h6 31. Bf3 Rd4 32. Rc4 Rxc4 33. bxc4
Rd2 34. Qg4 Qd4 35. Qxd4+ Bxd4 36. Bd5 Kg7 37. g3 Rb2 38. Bc6 Bc5 39. g4 Kg6
40. Kg2 f6 41. Kg3 Rb3+ 42. f3 Bd6+ 43. Kg2 Rb2+ 1/2-1/2

[Event "V Open"]
[Site "Crema ITA"]
[Date "2003.09.06"]
[Round "4"]
[White "Savarese, Vincenzo"]
[Black "Bertoletti, Vincenzo"]
[Result "1/2-1/2"]
[WhiteElo "1651"]
[BlackElo "1338"]
[PlyCount "38"]
[EventDate "2003.09.05"]

1. e4 d6 2. d4 Nf6 3. Nc3 g6 4. Be2 Bg7 5. h4 O-O 6. h5 gxh5 7. Bxh5 h6 8. Qf3
e5 9. Be3 Nc6 10. Qg3 Kh7 11. Nf3 exd4 12. Ng5+ Kg8 13. Nxf7 Rxf7 14. Bxh6 Nxh5
15. Rxh5 dxc3 16. O-O-O cxb2+ 17. Kb1 Qf6 18. f3 Ne5 19. Rdh1 Be6 1/2-1/2

[Event "V Open"]
[Site "Crema ITA"]
[Date "2003.09.06"]
[Round "4"]
[White "Tamburini, Lorenzo"]
[Black "Beretta, Giovanni"]
[Result "1-0"]
[WhiteElo "1783"]
[BlackElo "1437"]
[PlyCount "81"]
[EventDate "2003.09.05"]

1. e4 e5 2. Nf3 Nc6 3. Bb5 a6 4. Bxc6 dxc6 5. O-O Nf6 6. Nxe5 Bd6 7. Nf3 Bg4 8.
Re1 Bc5 9. d3 h6 10. Be3 Bd6 11. h3 Bh5 12. Nbd2 Be7 13. Nf1 Qd7 14. Ng3 Bxf3
15. Qxf3 O-O-O 16. Nf5 g5 17. Nxe7+ Qxe7 18. b4 Nd7 19. Bd4 Rhg8 20. Reb1 Rg6
21. Qg4 Kb8 22. a4 c5 23. bxc5 Nxc5 24. Be3 Ne6 25. Rb2 Rd7 26. Rab1 Nd8 27. a5
Qa3 28. Qxd7 Rd6 29. Qf5 Qa4 30. Bc5 Rd7 31. Rb5 Kc8 32. R5b3 Qc6 33. Be7 Qxc2
34. Bxd8 Kxd8 35. Rxb7 Qc3 36. e5 Qc6 37. Rb8+ Ke7 38. Rd1 Rd8 39. Rxd8 Kxd8
40. Qf6+ Qxf6 41. exf6 1-0

[Event "V Open"]
[Site "Crema ITA"]
[Date "2003.09.06"]
[Round "4"]
[White "Vecchia, Mario"]
[Black "Leoni, Fabrizio"]
[Result "1/2-1/2"]
[WhiteElo "1746"]
[BlackElo "2102"]
[PlyCount "45"]
[EventDate "2003.09.05"]

1. e4 c6 2. d4 d5 3. Nc3 dxe4 4. Bc4 Nf6 5. f3 e3 6. Bxe3 Bf5 7. Nge2 e6 8. Qd2
Nbd7 9. Rd1 Bd6 10. Bf4 Nb6 11. Bb3 O-O 12. Ng3 Bg6 13. Bxd6 Qxd6 14. O-O a5
15. a4 Nbd5 16. Nge4 Qc7 17. Nxd5 Nxd5 18. c3 b5 19. axb5 cxb5 20. Bxd5 exd5
21. Nc5 a4 22. Ra1 Rfe8 23. Rfe1 1/2-1/2

[Event "V Open"]
[Site "Crema ITA"]
[Date "2003.09.06"]
[Round "4"]
[White "Volpati, Antonio"]
[Black "Folcini, Gaddo"]
[Result "0-1"]
[WhiteElo "1510"]
[BlackElo "1356"]
[PlyCount "62"]
[EventDate "2003.09.05"]

1. e4 d5 2. exd5 Nf6 3. Nf3 e6 4. Be2 Be7 5. O-O Qxd5 6. Nc3 Qd6 7. d3 Ng4 8.
h3 Ne5 9. Ne4 Nxf3+ 10. Bxf3 Qb6 11. Rb1 e5 12. Be3 Qg6 13. Ng3 O-O 14. Bh5 Qe6
15. Re1 f5 16. Bd2 f4 17. Ne4 Nc6 18. Nc3 Qh6 19. Nd5 Bc5 20. Nxc7 Rf5 21. Bg4
Rg5 22. c3 Bxg4 23. hxg4 Qh4 24. Qf3 Rd8 25. Nd5 Rxg4 26. b4 Rg3 27. bxc5 Rxf3
28. gxf3 Rxd5 29. d4 Qh3 30. Rxb7 e4 31. Rxe4 Rg5# 0-1

[Event "V Open"]
[Site "Crema ITA"]
[Date "2003.09.07"]
[Round "5"]
[White "Beretta, Giovanni"]
[Black "Bocci, Alessandro"]
[Result "0-1"]
[WhiteElo "1437"]
[BlackElo "1630"]
[PlyCount "78"]
[EventDate "2003.09.05"]

1. c4 Nf6 2. Nc3 e6 3. g3 d5 4. cxd5 exd5 5. d4 c6 6. e3 Bf5 7. Bg2 Nbd7 8.
Nge2 Bd6 9. O-O Qc7 10. Re1 O-O 11. Nf4 Bxf4 12. exf4 Rfe8 13. Be3 Re7 14. Qa4
a6 15. Bd2 Rae8 16. Rxe7 Rxe7 17. Be3 Nb6 18. Qb3 Nc4 19. Re1 Nd6 20. f3 h5 21.
h4 Qd7 22. Nd1 Nc4 23. a4 Qc7 24. Qc3 Qa5 25. Qxa5 Nxa5 26. Bd2 Rxe1+ 27. Bxe1
Nb3 28. Ne3 Nxd4 29. Bc3 Ne2+ 30. Kf2 Nxc3 31. Nxf5 Nxa4 32. b3 Nc5 33. b4 Nd3+
34. Ke3 Nxb4 35. Kd4 b6 36. Nd6 c5+ 37. Kc3 d4+ 38. Kc4 Nfd5 39. Ne4 Ne3+ 0-1

[Event "V Open"]
[Site "Crema ITA"]
[Date "2003.09.07"]
[Round "5"]
[White "Bertoletti, Vincenzo"]
[Black "Frova, Martino"]
[Result "0-1"]
[WhiteElo "1338"]
[BlackElo "1600"]
[PlyCount "86"]
[EventDate "2003.09.05"]

1. d4 Nf6 2. c4 e6 3. Nc3 d6 4. Nf3 Be7 5. e4 Nbd7 6. Bd3 c5 7. d5 Ng4 8. O-O
Nge5 9. b3 O-O 10. Bc2 Bf6 11. Bb2 Rb8 12. Rb1 Nxf3+ 13. Qxf3 Ne5 14. Qe2 g6
15. f4 Nd7 16. Nb5 Bxb2 17. Rxb2 exd5 18. exd5 a6 19. Nxd6 Qf6 20. Nxc8 Qxb2
21. Ne7+ Kg7 22. Re1 Qd4+ 23. Kh1 Qxf4 24. Rf1 Qe5 25. Qxe5+ Nxe5 26. d6 Rbd8
27. Rd1 Rfe8 28. h3 Nc6 29. Nxc6 bxc6 30. Rd2 Re6 31. Kh2 Rexd6 32. Re2 Rd2 33.
Rxd2 Rxd2 34. Be4 Rxa2 35. Bxc6 Rb2 36. Bb7 a5 37. Bc6 Rxb3 38. g4 Rb4 39. Kg3
a4 40. h4 a3 41. h5 a2 42. h6+ Kf8 43. Bd5 a1=Q 0-1

[Event "V Open"]
[Site "Crema ITA"]
[Date "2003.09.07"]
[Round "5"]
[White "Bettini, Massimo"]
[Black "Massa, Salvenrico"]
[Result "0-1"]
[WhiteElo "1525"]
[BlackElo "1723"]
[PlyCount "72"]
[EventDate "2003.09.05"]

1. f4 d5 2. Nf3 Nf6 3. e3 Bg4 4. Be2 Bxf3 5. Bxf3 g6 6. O-O Bg7 7. d3 O-O 8.
Nc3 c5 9. Qe1 e6 10. e4 Nc6 11. Ne2 Qb6 12. a3 c4+ 13. Kh1 cxd3 14. cxd3 dxe4
15. dxe4 e5 16. Ra2 Qb3 17. Nc3 exf4 18. e5 Nd7 19. Bd5 Qb6 20. e6 Nde5 21.
Bxf4 fxe6 22. Bxe6+ Kh8 23. Nd5 Qd4 24. b4 Nd3 25. Qg3 Nxf4 26. Nxf4 Rf6 27.
Raf2 Ne5 28. h4 Re8 29. Ne2 Rxf2 30. Nxd4 Rxf1+ 31. Kh2 h5 32. Qh3 Ref8 33. Bc8
R8f4 34. Ne6 Ng4+ 35. Kg3 Bd4 36. Nxf4 Be5 0-1

[Event "V Open"]
[Site "Crema ITA"]
[Date "2003.09.07"]
[Round "5"]
[White "Biava, Pierluigi"]
[Black "Marchesotti, Giovanni"]
[Result "1-0"]
[WhiteElo "1612"]
[BlackElo "1501"]
[PlyCount "91"]
[EventDate "2003.09.05"]

1. e4 c5 2. Nf3 e6 3. c3 Nf6 4. d3 Nc6 5. Be2 Be7 6. O-O O-O 7. h3 d6 8. Na3
Bd7 9. Bf4 Na5 10. Nd2 b6 11. Rb1 Bc6 12. b4 Nb7 13. b5 Bd7 14. Bf3 e5 15. Be3
h6 16. Nac4 Qc7 17. a4 a6 18. Na3 a5 19. Nc2 Nh7 20. Bg4 f5 21. exf5 Bxf5 22.
Bxf5 Rxf5 23. Qg4 Rf6 24. f4 Qc8 25. Qxc8+ Rxc8 26. f5 d5 27. g4 d4 28. Bf2 Ng5
29. Kg2 dxc3 30. Nc4 e4 31. dxe4 Nxe4 32. Rfe1 Nxf2 33. Rxe7 Nd6 34. Nxb6 Nxf5
35. gxf5 Rd8 36. Rd7 Rxd7 37. Nxd7 Rd6 38. Kxf2 Rd2+ 39. Ke3 Rxc2 40. Nxc5 Rb2
41. Rc1 Rh2 42. Kd4 Rxh3 43. Rxc3 Rh4+ 44. Ne4 Rf4 45. Ke5 Rg4 46. Rc7 1-0

[Event "V Open"]
[Site "Crema ITA"]
[Date "2003.09.07"]
[Round "5"]
[White "Bonazzi, Edoardo"]
[Black "Gilardone, Adriano"]
[Result "1-0"]
[WhiteElo "2130"]
[BlackElo "1837"]
[PlyCount "129"]
[EventDate "2003.09.05"]

1. c4 f5 2. Nc3 e6 3. g3 Nf6 4. Bg2 d5 5. d4 c6 6. b3 Bd6 7. Nh3 O-O 8. O-O
Nbd7 9. Bf4 Qe7 10. Bxd6 Qxd6 11. Rc1 Ne4 12. Qd3 Ndf6 13. f3 Nxc3 14. Qxc3 Bd7
15. e3 Rae8 16. Nf4 e5 17. dxe5 Qxe5 18. Qxe5 Rxe5 19. cxd5 cxd5 20. Kf2 Rfe8
21. Rc3 g5 22. Ne2 Bb5 23. Re1 Bxe2 24. Rxe2 f4 25. Bf1 R8e7 26. exf4 Rxe2+ 27.
Bxe2 gxf4 28. Rc8+ Kg7 29. Rd8 a6 30. gxf4 Kg6 31. Bd3+ Kh6 32. Bf5 Kg7 33. Rd6
Kf7 34. Rb6 Nh5 35. Bc8 Nxf4 36. Rxb7 Nd3+ 37. Kg3 Nc1 38. a3 d4 39. Rxe7+ Kxe7
40. Kf4 Kd6 41. b4 Kd5 42. Bxa6 Nb3 43. Bd3 h6 44. a4 Nc1 45. Bb5 Na2 46. a5
Nxb4 47. a6 Kc5 48. a7 Nd5+ 49. Ke5 Nc7 50. Bd3 Na8 51. Be4 Nb6 52. a8=Q Nxa8
53. Bxa8 d3 54. f4 d2 55. Bf3 Kc4 56. f5 Kd3 57. f6 Ke3 58. Bd1 Kf2 59. f7 h5
60. Bxh5 Kg2 61. f8=Q Kxh2 62. Qf2+ Kh3 63. Bf3 d1=Q 64. Qg2+ Kh4 65. Qg4# 1-0

[Event "V Open"]
[Site "Crema ITA"]
[Date "2003.09.07"]
[Round "5"]
[White "Borboni, Paolo"]
[Black "Romano, Zeno"]
[Result "1-0"]
[WhiteElo "1629"]
[BlackElo "1500"]
[PlyCount "105"]
[EventDate "2003.09.05"]

1. e4 e5 2. Nf3 Nc6 3. d4 exd4 4. Bc4 Bb4+ 5. c3 dxc3 6. O-O d6 7. Qb3 Qe7 8.
Nxc3 Nf6 9. Nd5 Nxd5 10. exd5 Ne5 11. Qxb4 Nxf3+ 12. gxf3 O-O 13. Bd3 Bh3 14.
Re1 Qf6 15. Qe4 g6 16. Qf4 Rfe8 17. Be3 Qxb2 18. Qd4 Qxd4 19. Bxd4 Bd7 20. Re3
f5 21. Rae1 Kf7 22. f4 b5 23. Rc1 Rec8 24. Be2 c5 25. dxc6 Rxc6 26. Rxc6 Bxc6
27. Rc3 Bd7 28. Rc7 Ke6 29. Bf3 Rc8 30. Rxc8 Bxc8 31. Bxa7 d5 32. Bd4 Kd6 33.
a3 Be6 34. Be2 Kc6 35. Kg2 Bd7 36. Kf3 Kd6 37. Bc3 Kc5 38. Ke3 Bc6 39. Bb4+ Kb6
40. Kd4 Kc7 41. Kc5 h6 42. Bxb5 Bb7 43. Be2 Kd7 44. a4 g5 45. fxg5 hxg5 46. a5
g4 47. a6 Ba8 48. a7 Kc7 49. Kd4 Kb7 50. Bc5 Kc6 51. Bd1 Kb5 52. Bb3 Ka5 53.
Bxd5 1-0

[Event "V Open"]
[Site "Crema ITA"]
[Date "2003.09.07"]
[Round "5"]
[White "Brunelli, Giovanni"]
[Black "Epitome, Nando"]
[Result "0-1"]
[WhiteElo "1642"]
[BlackElo "1594"]
[PlyCount "128"]
[EventDate "2003.09.05"]

1. e4 c5 2. Nf3 d6 3. d4 cxd4 4. Nxd4 Nf6 5. Nc3 a6 6. Be3 g6 7. Bc4 Bg7 8. f3
O-O 9. Qd2 Re8 10. O-O-O Qc7 11. Bb3 b5 12. a3 Bb7 13. g4 Nbd7 14. g5 Nh5 15.
Kb1 Nc5 16. Bd5 Rac8 17. f4 e5 18. fxe5 Bxe5 19. Rhf1 Rf8 20. Rf2 Bxd5 21. exd5
Qb7 22. Nc6 Bxc3 23. Qxc3 Ne4 24. Qb4 Nxf2 25. Bxf2 Qd7 26. Re1 Rfe8 27. Rd1
Re2 28. Qd4 Qf5 29. Rd2 Rce8 30. Nb4 Qxg5 31. Rd1 Qf5 32. Nd3 Rc8 33. Qb6 Rcxc2
34. Qd8+ Kg7 35. Bd4+ Kh6 36. Qf8+ Kg5 37. Qxd6 Rcd2 38. Rxd2 Rxd2 39. Be3+ Kh4
40. Bxd2 Qxd3+ 41. Kc1 f5 42. Qe7+ Kg4 43. d6 Qc4+ 44. Bc3 Nf4 45. d7 Qf1+ 46.
Be1 Qc4+ 47. Kb1 Qd3+ 48. Ka1 Qd1+ 49. Ka2 Qd5+ 50. b3 Ne6 51. Qh4+ Kf3 52.
Qg3+ Ke4 53. Qg2+ Ke5 54. Bc3+ Kd6 55. Bb4+ Kc6 56. Qxd5+ Kxd5 57. Be7 f4 58.
d8=Q+ Nxd8 59. Bxd8 f3 60. Bh4 Ke4 61. a4 b4 62. Kb2 Kd3 63. a5 g5 64. Bg3 g4
0-1

[Event "V Open"]
[Site "Crema ITA"]
[Date "2003.09.07"]
[Round "5"]
[White "Casartelli, Fabio"]
[Black "Bellani, Alessandro"]
[Result "0-1"]
[WhiteElo "1717"]
[BlackElo "1810"]
[PlyCount "72"]
[EventDate "2003.09.05"]

1. d4 Nf6 2. c4 g6 3. Nc3 Bg7 4. e4 d6 5. Be2 O-O 6. f4 c5 7. d5 e6 8. Nf3 exd5
9. cxd5 Re8 10. Qc2 Qe7 11. f5 Nxe4 12. fxg6 hxg6 13. Nxe4 Qxe4 14. Qxe4 Rxe4
15. Ng5 Re7 16. Rf1 Bg4 17. Nf3 Na6 18. Bg5 f6 19. Bf4 Rae8 20. Rf2 Nb4 21. Kd2
Nxd5 22. Bc4 Be6 23. Bxd6 Rd7 24. Bb5 Rxd6 25. Bxe8 Nc7+ 26. Ke1 Nxe8 27. Re2
Kf7 28. b3 Bh6 29. Rd1 Rxd1+ 30. Kxd1 Nc7 31. h3 Nd5 32. Kc2 Bf5+ 33. Kb2 Nf4
34. Rc2 Bxc2 35. Kxc2 Nxg2 36. Kc3 Be3 0-1

[Event "V Open"]
[Site "Crema ITA"]
[Date "2003.09.07"]
[Round "5"]
[White "Cocozza, Mario"]
[Black "Ficco, Corrado"]
[Result "1/2-1/2"]
[WhiteElo "2356"]
[BlackElo "2098"]
[PlyCount "70"]
[EventDate "2003.09.05"]

1. e4 e5 2. Nf3 Nf6 3. Nxe5 d6 4. Nf3 Nxe4 5. d4 d5 6. Bd3 Nc6 7. O-O Bg4 8. c4
Nf6 9. cxd5 Bxf3 10. Qxf3 Qxd5 11. Qh3 Qxd4 12. Nc3 Qg4 13. Qxg4 Nxg4 14. Re1+
Kd8 15. Bf4 Bd6 16. Bxd6 cxd6 17. Nb5 Nge5 18. Be4 a6 19. Nxd6 Kc7 20. Nf5 g6
21. Ne3 Rad8 22. Rad1 Rxd1 23. Rxd1 Rd8 24. Rxd8 Kxd8 25. f4 Nd7 26. Bxc6 bxc6
27. Kf2 Ke7 28. g4 Kd6 29. Ke2 Kc5 30. Kd3 Nb6 31. a3 a5 32. b3 f6 33. Ke4 Kb5
34. Kd4 c5+ 35. Kc3 a4 1/2-1/2

[Event "V Open"]
[Site "Crema ITA"]
[Date "2003.09.07"]
[Round "5"]
[White "Distratis, Gianluca"]
[Black "Dassisti, Alberto"]
[Result "1-0"]
[WhiteElo "1678"]
[BlackElo "1807"]
[PlyCount "65"]
[EventDate "2003.09.05"]

1. e4 e6 2. d4 d5 3. Nd2 Nf6 4. e5 Nfd7 5. Bd3 c5 6. c3 Nc6 7. Ne2 Qb6 8. Nf3
Be7 9. O-O cxd4 10. cxd4 f6 11. exf6 Bxf6 12. Re1 O-O 13. Nf4 Nxd4 14. Nxd4
Bxd4 15. Rxe6 Bxf2+ 16. Kh1 Qd4 17. Bxh7+ Kxh7 18. Qh5+ Kg8 19. Ng6 Bh4 20. Bg5
Bxg5 21. Qxg5 Nf6 22. Ne7+ Kf7 23. Nf5 Qc5 24. Re7+ Qxe7 25. Qxg7+ Ke6 26.
Qxe7+ Kxf5 27. Qxf8 Ke5 28. Rc1 d4 29. Rxc8 Rxc8 30. Qxc8 Nd5 31. Qe8+ Kf4 32.
g3+ Kf3 33. Qf7+ 1-0

[Event "V Open"]
[Site "Crema ITA"]
[Date "2003.09.07"]
[Round "5"]
[White "Elsido, Massimo"]
[Black "Albrizio, Mauro"]
[Result "0-1"]
[WhiteElo "1582"]
[BlackElo "1455"]
[PlyCount "94"]
[EventDate "2003.09.05"]

1. e4 e6 2. d4 d5 3. Bd3 Nf6 4. e5 Nfd7 5. Nf3 c5 6. c3 Nc6 7. O-O Qb6 8. Bc2
cxd4 9. cxd4 Be7 10. Nc3 O-O 11. Qd3 f5 12. g4 Nb4 13. Qd1 Nxc2 14. Qxc2 fxg4
15. Na4 Qd8 16. Ne1 b6 17. Qe2 Rf5 18. Kh1 Nf8 19. Qxg4 Ng6 20. Rg1 Ba6 21. Nc3
Qf8 22. Be3 Rc8 23. Ne2 Bxe2 24. Qxe2 Bh4 25. Nd3 Rf3 26. Rac1 Rf7 27. Rxc8
Qxc8 28. Rc1 Qd8 29. Qc2 Bg5 30. Qc8 Be7 31. Qxe6 Nf8 32. Qg4 Qe8 33. Nf4 g6
34. Nxd5 Rf5 35. Rc8 Qd7 36. Nxe7+ Qxe7 37. Bh6 Qb7+ 38. Qg2 Qxc8 39. Qd5+ Ne6
40. Qd6 Rxf2 41. d5 Nf8 42. Qe7 Rf7 43. Qg5 Qh3 44. Qg1 Rf1 45. e6 Nxe6 46.
dxe6 Rxg1+ 47. Kxg1 Qg4+ 0-1

[Event "V Open"]
[Site "Crema ITA"]
[Date "2003.09.07"]
[Round "5"]
[White "Ferrari, Claudio"]
[Black "Bozuffi, Italo"]
[Result "1-0"]
[WhiteElo "1630"]
[BlackElo "1570"]
[PlyCount "83"]
[EventDate "2003.09.05"]

1. e4 Nc6 2. d4 e5 3. dxe5 Nxe5 4. f4 Nc6 5. Be3 Qh4+ 6. g3 Qe7 7. Nc3 Qb4 8.
Qd2 Kd8 9. O-O-O Nf6 10. a3 Qa5 11. Bc4 Ng4 12. Bxf7 Nxe3 13. Qxe3 Bc5 14. Qd3
Rf8 15. Bb3 Nd4 16. Ba2 b6 17. Nge2 Ba6 18. Bc4 Bxc4 19. Qxc4 Nxe2+ 20. Qxe2
Kc8 21. Qg4 Rd8 22. Rd3 Kb7 23. Qxg7 Bf8 24. Qxh7 Qc5 25. Qf5 Qe7 26. Rhd1 d6
27. Nd5 Qg7 28. Qh3 Qg6 29. Qg2 Rac8 30. Nc3 Kb8 31. e5 Qg8 32. Qd5 Qh7 33. Qg2
Re8 34. Nd5 Qg6 35. Nf6 Red8 36. Qc6 Qg7 37. Nd5 Re8 38. Nb4 Rcd8 39. Na6+ Kc8
40. Qa8+ Kd7 41. Qxa7 Rc8 42. exd6 1-0

[Event "V Open"]
[Site "Crema ITA"]
[Date "2003.09.07"]
[Round "5"]
[White "Festa, Samuele"]
[Black "Bonade', Massimo"]
[Result "0-1"]
[WhiteElo "1741"]
[BlackElo "2053"]
[PlyCount "58"]
[EventDate "2003.09.05"]

1. e4 c5 2. Nf3 d6 3. d4 cxd4 4. Nxd4 Nf6 5. Nc3 a6 6. Bc4 e6 7. Bb3 b5 8. Bg5
Be7 9. Qf3 Qc7 10. O-O-O O-O 11. e5 Bb7 12. exf6 Bxf3 13. fxe7 Re8 14. Nxe6
fxe6 15. Bxe6+ Kh8 16. gxf3 Nc6 17. Nd5 Qb7 18. f4 Rab8 19. f5 Nxe7 20. Nf6 h6
21. Nxe8 Rxe8 22. Bf4 Rd8 23. Rhg1 Qe4 24. Bd2 Nxf5 25. Bxf5 Qxf5 26. Bc3 Rd7
27. Rxg7 Rxg7 28. Rg1 Qf4+ 29. Kd1 Qf3+ 0-1

[Event "V Open"]
[Site "Crema ITA"]
[Date "2003.09.07"]
[Round "5"]
[White "Giannetta, Paolo"]
[Black "Di Giuseppe, Giovanni"]
[Result "1-0"]
[WhiteElo "1705"]
[BlackElo "1500"]
[PlyCount "47"]
[EventDate "2003.09.05"]

1. d4 Nf6 2. c4 g6 3. Nc3 Bg7 4. e4 d6 5. f4 e6 6. Nf3 O-O 7. Be2 c5 8. d5 Nfd7
9. O-O e5 10. Rb1 f5 11. Ng5 Nf6 12. fxe5 Nxe4 13. Ncxe4 fxe4 14. e6 Bd4+ 15.
Kh1 e3 16. Rxf8+ Qxf8 17. Qf1 Qf2 18. Qxf2 exf2 19. Bf4 h6 20. Ne4 Be5 21. Bxe5
dxe5 22. Rf1 Kf8 23. Rxf2+ Ke7 24. Rf7+ 1-0

[Event "V Open"]
[Site "Crema ITA"]
[Date "2003.09.07"]
[Round "5"]
[White "Humel, Andrea"]
[Black "Savarese, Vincenzo"]
[Result "1/2-1/2"]
[WhiteElo "1546"]
[BlackElo "1651"]
[PlyCount "68"]
[EventDate "2003.09.05"]

1. d4 Nf6 2. Nf3 e6 3. Nbd2 d5 4. e3 Nbd7 5. Bd3 Be7 6. O-O O-O 7. c3 c5 8. e4
dxe4 9. Nxe4 Nxe4 10. Bxe4 Nf6 11. Bc2 cxd4 12. cxd4 Nd5 13. Qd3 g6 14. Qd2 Bf6
15. h4 Bxh4 16. Qh6 Bf6 17. Ng5 Bxg5 18. Bxg5 Qb6 19. Rad1 Bd7 20. Rd3 f5 21.
Qh2 Rf7 22. Rb3 Qc6 23. Rc1 Rc8 24. Bd3 Qa4 25. Rxc8+ Bxc8 26. Qb8 Rf8 27. Bh6
Rd8 28. Qe5 Qd7 29. Bc4 Qf7 30. Bg5 Rd7 31. Qb8 Rc7 32. Bxd5 exd5 33. Rc3 Rxc3
34. bxc3 Qe6 1/2-1/2

[Event "V Open"]
[Site "Crema ITA"]
[Date "2003.09.07"]
[Round "5"]
[White "Insabato, Giovanbattista"]
[Black "Salami, Marco"]
[Result "0-1"]
[WhiteElo "2122"]
[BlackElo "2177"]
[PlyCount "100"]
[EventDate "2003.09.05"]

1. Nf3 e6 2. g3 f5 3. d3 Nf6 4. c4 Be7 5. Bg2 O-O 6. O-O d6 7. Nc3 Nc6 8. Rb1
Qe8 9. e4 e5 10. Bg5 Qh5 11. Bxf6 Bxf6 12. Nd2 Qxd1 13. Rfxd1 f4 14. Nd5 fxg3
15. hxg3 Bd8 16. b4 Nd4 17. Re1 Bg4 18. Ne3 Be2 19. Bf1 Bxf1 20. Kxf1 Bg5 21.
Rb2 a5 22. b5 Ne6 23. b6 c6 24. Nf5 Nc5 25. Ke2 Bxd2 26. Rxd2 Rfd8 27. Rb1 g6
28. Ne3 Rf8 29. Nd1 Rf7 30. Kf1 Rf3 31. Ne3 Raf8 32. Kg2 h5 33. Rbd1 R3f7 34.
Rh1 Na4 35. Rb1 Ra8 36. Rb3 Nc5 37. Rb1 Ra6 38. f3 Na4 39. d4 Rxb6 40. Rxb6
Nxb6 41. c5 dxc5 42. dxe5 Re7 43. f4 Kf7 44. Kh3 Na4 45. Nc4 Nc3 46. Nd6+ Ke6
47. Rc2 Na4 48. Nc4 b6 49. g4 hxg4+ 50. Kxg4 Rd7 0-1

[Event "V Open"]
[Site "Crema ITA"]
[Date "2003.09.07"]
[Round "5"]
[White "Leoni, Fabrizio"]
[Black "Calisi, Elia"]
[Result "1/2-1/2"]
[WhiteElo "2102"]
[BlackElo "1693"]
[PlyCount "102"]
[EventDate "2003.09.05"]

1. d4 Nf6 2. c4 e6 3. Nc3 b6 4. Bg5 Ba6 5. e3 Be7 6. Nf3 c6 7. Bd3 d5 8. cxd5
Nxd5 9. Bxe7 Nxe7 10. Bxa6 Nxa6 11. Qa4 Qc7 12. Rc1 Qb7 13. Ne4 Rd8 14. Ne5 Nb8
15. O-O O-O 16. Rc2 Rd5 17. Qb3 h6 18. Rfc1 Rfd8 19. f3 Kf8 20. g4 f6 21. Nd3
e5 22. Nb4 R5d7 23. dxe5 fxe5 24. Rc3 c5 25. Nd3 Qd5 26. Ndxc5 bxc5 27. Nxc5
Qxb3 28. Nxd7+ Rxd7 29. Rxb3 Nbc6 30. Rc2 Kf7 31. a3 g5 32. Rbc3 Rd6 33. b4 a6
34. Kf2 Ke6 35. Kg3 Kf6 36. h4 Ke6 37. hxg5 hxg5 38. Rh2 Ng6 39. Rh6 Nce7 40.
Rh3 Kf6 41. a4 Rb6 42. Rd3 Nf8 43. Rh6+ Neg6 44. b5 axb5 45. axb5 Kg7 46. Rh5
Ne6 47. Rd7+ Kf6 48. Rhh7 Nef8 49. Rhf7+ Ke6 50. Rb7 Rxb5 51. Rxb5 Kxf7 1/2-1/2

[Event "V Open"]
[Site "Crema ITA"]
[Date "2003.09.07"]
[Round "5"]
[White "Lovati, Paolo"]
[Black "Tamburini, Lorenzo"]
[Result "1-0"]
[WhiteElo "2089"]
[BlackElo "1783"]
[PlyCount "76"]
[EventDate "2003.09.05"]

1. c4 Nf6 2. g3 e6 3. Bg2 d5 4. Nh3 Be7 5. O-O O-O 6. b3 b6 7. Bb2 Bb7 8. Nf4
c5 9. Nc3 Na6 10. cxd5 exd5 11. d4 Nc7 12. dxc5 bxc5 13. Rc1 g5 14. Nd3 Ne6 15.
Na4 Nd7 16. e3 Rc8 17. Rc2 Nb6 18. Nxb6 axb6 19. Rd2 Bf6 20. Ne5 Ba6 21. Rxd5
Qe8 22. Qa1 Nc7 23. Ng4 Nxd5 24. Bxd5 Bxb2 25. Qxb2 Rc6 26. Bxc6 Qxc6 27. Re1
f6 28. Nh6+ Kh8 29. e4 Qe6 30. Qd2 Bb7 31. f3 Kg7 32. Nf5+ Kg6 33. Rd1 Ba6 34.
Qd7 Qxd7 35. Rxd7 Rf7 36. Rd6 Rb7 37. f4 c4 38. bxc4 Bxc4 1-0

[Event "V Open"]
[Site "Crema ITA"]
[Date "2003.09.07"]
[Round "5"]
[White "Maddaloni, Giovanni"]
[Black "Milan, Paolo"]
[Result "1-0"]
[WhiteElo "1679"]
[BlackElo "1537"]
[PlyCount "51"]
[EventDate "2003.09.05"]

1. e4 c5 2. Nc3 Nc6 3. g3 Nf6 4. Bg2 e5 5. d3 Be7 6. Nh3 d5 7. exd5 Nxd5 8.
Bxd5 Bxh3 9. Bxf7+ Kxf7 10. Qh5+ g6 11. Qxh3 Nd4 12. O-O Nxc2 13. Rb1 Nd4 14.
f4 Nf5 15. fxe5 Qd4+ 16. Kh1 h5 17. Rxf5+ gxf5 18. Qxf5+ Kg7 19. Bf4 Raf8 20.
Qe6 Rf7 21. Rf1 Qxd3 22. Bh6+ Rxh6 23. Qxf7+ Kh8 24. Qe8+ Kg7 25. Rf7+ Kg6 26.
Qg8# 1-0

[Event "V Open"]
[Site "Crema ITA"]
[Date "2003.09.07"]
[Round "5"]
[White "Martino, Antonio M."]
[Black "Scarpellini, Felice"]
[Result "1-0"]
[WhiteElo "1950"]
[BlackElo "1633"]
[PlyCount "57"]
[EventDate "2003.09.05"]

1. c4 Nf6 2. Nc3 e6 3. e4 d5 4. e5 d4 5. exf6 dxc3 6. bxc3 Qxf6 7. d4 c5 8. Nf3
Nd7 9. Bg5 Qg6 10. Bd3 Qh5 11. O-O Be7 12. Bxe7 Kxe7 13. d5 exd5 14. Re1+ Kf8
15. Qe2 g6 16. cxd5 Kg7 17. c4 Nf6 18. Qb2 b6 19. Re5 Qg4 20. Rae1 Bd7 21. R1e4
Nxe4 22. Rxe4+ f6 23. Rxg4 Bxg4 24. Ng5 Rhf8 25. h3 Bd7 26. Ne4 Rae8 27. g4 h5
28. Nxf6 Re1+ 29. Kg2 1-0

[Event "V Open"]
[Site "Crema ITA"]
[Date "2003.09.07"]
[Round "5"]
[White "Menini, Luca"]
[Black "Raffaldi, Fabrizio"]
[Result "1-0"]
[WhiteElo "1486"]
[BlackElo "1606"]
[PlyCount "61"]
[EventDate "2003.09.05"]

1. d4 f5 2. c4 Nf6 3. Bg5 e6 4. Nc3 Bb4 5. Qc2 O-O 6. e3 h6 7. Bxf6 Qxf6 8. Nf3
d6 9. Bd3 Bxc3+ 10. Qxc3 a5 11. O-O b6 12. e4 Bb7 13. e5 Qf7 14. Bc2 g5 15. h3
Na6 16. Rad1 dxe5 17. Nxe5 Qg7 18. Bb3 Kh8 19. d5 Kh7 20. dxe6 Nc5 21. Nd7 Rfd8
22. Qxg7+ Kxg7 23. Nxc5 bxc5 24. Rd7+ Rxd7 25. exd7 Rd8 26. Ba4 Kf6 27. Re1 c6
28. Rd1 Ke6 29. Bc2 f4 30. g4 fxg3 31. fxg3 1-0

[Event "V Open"]
[Site "Crema ITA"]
[Date "2003.09.07"]
[Round "5"]
[White "Milanesi, Erminio"]
[Black "Boninsegna, Ferdinando"]
[Result "1/2-1/2"]
[WhiteElo "1528"]
[BlackElo "1615"]
[PlyCount "42"]
[EventDate "2003.09.05"]

1. e4 e6 2. d3 d5 3. Nd2 c5 4. g3 Nf6 5. e5 Nfd7 6. f4 Be7 7. Bg2 Nc6 8. Ngf3
Rb8 9. b3 Qc7 10. Bb2 f6 11. exf6 Bxf6 12. Bxf6 Nxf6 13. O-O O-O 14. Re1 Re8
15. Ne5 Bd7 16. c3 Re7 17. Ndf3 h6 18. Ng6 Rf7 19. Nfe5 Nxe5 20. Nxe5 Re7 21.
Ng6 Rf7 1/2-1/2